Computing in the information age /
This book is divided into five parts: Introduction: The basics; Hardware advances the information age; Software drives the information age; Connectivity unites the information age; and People power makes the world a better place.
Sparad:
| Huvudupphovsman: | |
|---|---|
| Övriga upphovsmän: | |
| Materialtyp: | Bok |
| Språk: | English |
| Publicerad: |
New York :
John Wiley and Sons,
1996.
|
| Upplaga: | 2nd ed. |
| Ämnen: | |
| Taggar: |
Lägg till en tagg
Inga taggar, Lägg till första taggen!
|
| Thư viện lưu trữ: | Mạng thư viện Đại học Đà Nẵng |
|---|
| LEADER | 01229cam a2200385 i 4500 | ||
|---|---|---|---|
| 001 | 000048941 | ||
| 003 | 8667 | ||
| 005 | 20051111142022.0 | ||
| 008 | 010320b1996 vm 000 eng | ||
| 020 | |a 0471110612 | ||
| 040 | |a IRC |c IRC |d IRC | ||
| 041 | 0 | |a eng | |
| 082 | 1 | 4 | |a 658.05 |b ST-N |
| 100 | 1 | |a Stern, Robert A. | |
| 245 | 0 | 0 | |a Computing in the information age / |c Nancy Stern, Robert A. Stern. |
| 250 | |a 2nd ed. | ||
| 260 | |a New York : |b John Wiley and Sons, |c 1996. | ||
| 300 | |a xviii, 506 p. : |b col. ill. ; |c 27.5cm. | ||
| 520 | 3 | |a This book is divided into five parts: Introduction: The basics; Hardware advances the information age; Software drives the information age; Connectivity unites the information age; and People power makes the world a better place. | |
| 630 | 0 | 4 | |a Business. |
| 630 | 0 | 4 | |a Data processing. |
| 630 | 0 | 4 | |a Information technology. |
| 650 | 0 | 4 | |a Information technology. |
| 650 | 0 | 4 | |a Business |x Data processing. |
| 700 | 1 | |a Stern, Nancy. | |
| OWN | |a DUT | ||
| 999 | |a From the UDN01 | ||
| TYP | |a Monograph | ||
| TYP | |a Printed language | ||
| 980 | |a Mạng thư viện Đại học Đà Nẵng | ||


